| 000 | 04215nam a22003137i 4500 | ||
|---|---|---|---|
| 001 | TCPA 72 | ||
| 003 | gtcocun | ||
| 005 | 20250902223544.0 | ||
| 006 | a||||gr|||| 00| 0 | ||
| 008 | 250902b2019 gt ||||| m||| 00| 0 eng d | ||
| 040 |
_agtcocun _bSPA _cgtcocun _eRDA |
||
| 041 | _aSPA | ||
| 084 | _0TCPA 72 | ||
| 100 |
_aCú Caal, Cesar Augusto _eAutor |
||
| 245 |
_aInforme final del Ejercicio Profesional Supervisado, realizado en Vehiculos Verapaz, Sociedad Anónima, Cobán, Alta Verapaz/ _cCesar Augusto Cú Caal _hImpreso |
||
| 264 |
_aCobán, Alta Verapaz: _bUniversidad de San Carlos de Guatemala, Centro Universitario del Norte, Licenciatura en Contaduría Pública y Auditoría. _c2019 |
||
| 300 |
_a55 p.: _bIlustraciones, gráficas. _c28 cm; PDF |
||
| 336 |
_2rdacontenido _aTexto _btxt |
||
| 337 |
_2rdamedio _aComputadora _bn |
||
| 338 |
_2rdasoporte _aCódigo en línea _bcr |
||
| 502 | _e. | ||
| 502 |
_aTesis de grado _bLicenciatura en Contaduría Pública y Auditoría. _cUniversidad de San Carlos de Guatemala, Centro Universitario del Norte, Licenciatura en Contaduría Pública y Auditoría. _d2019 _oTCPA 72 |
||
| 520 | 1 | 4 | _aLa Universidad de San Carlos de Guatemala (USAC), por medio del Centro Universitario del Norte (CUNOR), en la Carrera de Contaduría Pública y Auditoría, solicita efectuar el Ejercicio Profesional Supervisado (EPS) con el objetivo de llevar a la práctica los conocimientos adquiridos durante el proceso de formación de la carrera. El proceso del Ejercicio Profesional Supervisado (EPS) fue realizado en Vehículos Verapaz, Sociedad Anónima. La cual fue sometida a un diagnóstico con el fin de conocer su situación económica y financiera, para posteriormente redactar y jerarquizar los problemas detectados en los que se enfocaron las intervenciones profesionales. Finalizada la etapa de diagnóstico, se redactó el plan de trabajo que contenía la programación de las actividades con las cuales se pretendía corregir dichos problemas, también se incluyó dentro del plan la justificación, la planificación y el cronograma de actividades, con el fin de organizar adecuadamente la ejecución de intervenciones. La programación y los lineamientos fueron respetados, seguidamente se inició con la auditoría fiscal incluyéndose cedulas analíticas y sumarias y se dejó referencias de las declaraciones auditadas del Impuesto al Valor Agregado, los resultados quedaron plasmados detalladamente en el dictamen de auditoría independiente. El manual contable fue elaborado con el objetivo de guiar eficientemente al personal en los procesos de: abonar, cargar y saldar de forma adecuada las cuentas respectivas. Se incluyeron los siguientes aspectos: generalidades de la empresa, instructivo, plan de cuentas, descripción de cuentas, jornalizaciones, políticas contables y flujogramas, al finalizar se entregó el documento al gerente, quien aprobó y autorizó su implementación Seguidamente la elaboración de la planeación fiscal contiene objetivos generales y específicos, cuadro de planificación y descripción de actividades y fechas del calendario, esto fue desarrollado con el objetivo de favorecer los resultados esperados para mejorar las áreas susceptibles a obtener economías fiscales. Con esta programación las obligaciones tributarias serán más efectivas, debido a que se recolectará la información necesaria para ser analizada y digitalizada con más prontitud, se efectuaron los pagos en el tiempo establecido, y por lo tanto, se disminuyeron los riesgos entorno al giro de la empresa. Para finalizar se redactaron las conclusiones con su respectiva recomendación de las diferentes actividades realizadas para que la empresa siguiera desempeñándose de manera adecuada sin ningún inconveniente en sus actividades diarias. |
| 650 |
_2LEMB _aCobán, Alta Verapaz _xAuditoría _xmanual contable _xplanificación fiscal |
||
| 700 |
_aLic. Carlos Adolfo Guerrero Bailón _eAsesor |
||
| 856 |
_uhttps://drive.google.com/file/d/1k9fKLkiTOPerpIp3Il5g1uahYOmjDPxH/view?usp=sharing _yPDF _zUn ejemplar en línea. |
||
| 942 |
_2ddc _cTES _iTCPA_72 _kClasificación _n0 _6TCPA__72 |
||
| 999 |
_c1630 _d1630 |
||